000 01041nam a2200265Ia 4500
008 191130s2009##################000#0#eng##
020 _a9780521895385
022 _a2008053262
040 _aACL
_cACL
082 _a346.077 BAC
100 _aBachner, Thomas
245 _aCreditor protection in private companies : Anglo-German perspectives for a European legal discourse
_cThomas Bachner
260 _aCambridge
_bCambridge University Press
_c2009
300 _axxxvi, 315 p. ; 24 cm
500 _aIncludes bibliographical references (p. 283-304) and index
650 _aCorporation reserves - Law and legislation - Germany
650 _aCorporation reserves - Law and legislation - Great Britain
650 _aCorporations - Finance - Law and legislation - Germany
650 _aCorporations - Finance - Law and legislation - Great Britain
650 _aDebtor and creditor - Germany
650 _aDebtor and creditor - Great Britain
990 _a9721a884ac10000c7011674c5d1d6efd
991 _a334102
999 _c141372
_d141372